| 000 | 00817nam a2200265Ia 4500 | ||
|---|---|---|---|
| 008 | 191130s2000##################000#0#eng## | ||
| 020 | _a9780060007751 | ||
| 022 | _a99044313 | ||
| 040 |
_aACL _cACL |
||
| 082 | _a649.64 BAI | ||
| 100 | _aBailey, Rebecca Anne | ||
| 245 |
_aEasy to love, difficult to discipline : the 7 basic skills for turning conflict into cooperation _cBecky A. Bailey |
||
| 250 | _a1st ed | ||
| 260 |
_aNew York _bWilliam Morrow _c2000 |
||
| 300 | _ax, 285 p. ; 25 cm | ||
| 500 | _aIncludes bibliographical references (p. [273]-276) and index | ||
| 650 | _aChild rearing | ||
| 650 | _aDiscipline of children | ||
| 650 | _aParent and child | ||
| 650 | _aParenting | ||
| 650 | _aSelf-control | ||
| 990 | _ab61590a2ac10000c44b5c6981ca11f96 | ||
| 991 | _a349395 | ||
| 999 |
_c155398 _d155398 |
||